000 00666nam a2200205Ia 4500
001 17028
003 GE_BSU
008 181216s||||||||xx |||||||||||||| ||und||
040 _cGE_BSU
080 _a821.161.1-1 + 821.161.1-11
100 _aნეკრასოვი, ნ.
245 _aლექსები. პოემა
245 _cწინასიტყვ. ნ.ა. ნეკრასოვი ალ. აბაშელისა
260 _aთბილისი
260 _bსაბჭ. საქართველო
260 _c1975
300 _a167გვ. ; 29სმ
653 _aლექსები. პოემა
942 _cBK
999 _c50090
_d50090